Jul : Choix Multiples - Statistiques

Statistiques générales
  • Ce quiz a été pris 7 fois
  • Le résultat moyen est 8 sur 10
Statistiques - réponses
Question Réponse % Correct
Quel a été son premier album ?
100%
Avant de se lancer en solo, de quel groupe de jeunes rapeurs a-t-il fait partie ? ghetto phénomène
100%
Quelle équipe de football a le logo de la marque de Jul sur son maillot ? L'Olympique de Marseille
100%
Quel est la date de naissance de Jul ? 14 janvier 1990
80%
Combien Jul a-t-il sortit d'albums gratuits ? 8
80%
Quel a été son premier label ? liga one industry
80%
Avec qui Jul n'a-t-il aucun featuring ? Rnboi
80%
En quelle année Jul quitta son premier label et prit son indépendance ? 2015
60%
Dans quelle cité Marseillaise a-t-il grandit ? cité Louis-Loucheur
60%
Sur quelle chanson Jul est-il rentré a son stade de France 2025 ? Capata
40%
Aucun quiz correspondant
Distribution des résultats
% des personnes avec chaque résultat
Percentile par nombre de réponses
Votre historique - résultats
Vous n’avez pas pris ce quiz